000 00295nam a22001337a 4500
003 SGT
020 _a978-81-8457-422-7
082 _a070.4
_bMUR
100 _aMURTHY, DVR
245 _aDEVELOPMENT JOURNALISM AN ANALYSIS
260 _aDELHI
_bKANISHKA
_c2013
300 _a187
942 _2ddc
_cBK
999 _c22078
_d22078